Dominican Diaspora - Statistics

General Stats
  • This quiz has been taken 70 times
  • The average score is 10 of 13
Answer Stats
Hint Answer % Correct
1,070,000 United States
98%
10,000 Canada
96%
160,000 Spain
92%
2,000 Mexico
88%
3,500 France
85%
11,000 Germany
83%
43,000 Italy
81%
5,000 Haiti
73%
15,000 Venezuela
71%
8,000 Panama
63%
9,000 Netherlands
60%
3,500 Austria
50%
11,000 Switzerland
50%
No matching quizzes found
Score Distribution
Percent of People with Each Score
Percentile by Number Answered
Your Score History
You have not taken this quiz